000 00575nam a2200217Ia 4500
003 OSt
005 20240111042830.0
008 210327s9999||||xx |||||||||||||| ||und||
040 _cSTCPL
041 _aENG
082 _a323.409 24
_bLER-W
100 _aBennett, Lerone
245 0 _aWhat manner of man :
_bA biography of Martin Luther King /
_cby Lerone Bennett
260 _aNew York :
_bPyramid Book ,
_c1965 .
300 _a191 p.
_bPB
650 _aPolitical science
650 _aA man who won't die
650 _aRecord of arrest
942 _cBK
942 _2ddc
999 _c15776
_d15776